| 000 | 01022nam a2200277 a 4500 | ||
|---|---|---|---|
| 001 | 000047518 | ||
| 003 | DO-SdBNP | ||
| 005 | 20251204073702.0 | ||
| 007 | ta | ||
| 008 | 180614s2007 dr r 000 0 spa d | ||
| 040 |
_aDO-SdBNP _bspa _cBNPHU _erda |
||
| 041 | _aspa | ||
| 082 | 4 |
_a347.7293013 _bR426I, 2006 _222 |
|
| 110 | 1 |
_aRepública Dominicana _bOficiana nacional de defensa pública _975135 |
|
| 245 | 1 | 0 |
_aInforme 2006 : _bOficiana Nacional de Defensa Pública. |
| 264 | 1 |
_aSanto Domingo : _bPoder Judicial ; _bComisión de Apoyo a la Reforma y Modernización de la Justicia, _c2007. |
|
| 300 |
_a268 páginas ; _c29 cm. |
||
| 336 |
_atexto _btxt _2rdacontent |
||
| 337 |
_asin mediación _bn _2rdamedia |
||
| 338 |
_avolumen _bnc _2rdacarrier |
||
| 590 | _aInventariado, 2018/VM | ||
| 650 | 0 |
_aAdministración de justicia _xRepública Dominicana _vInforme _910083 |
|
| 650 | 4 |
_aPrisiones _zRepública Dominicana _vInforme _975137 |
|
| 650 | 4 |
_aProcedimiento penal _zRepública Dominicana _914474 |
|
| 942 |
_2ddc _cLBS1 |
||
| 999 |
_c47006 _d47006 |
||